000 01451nam a2200277 a 4500
001 000017592
003 DO-SdBNP
005 20250306144251.0
008 100329t1941 dr 000 0 spa d
040 _aDO-SdBNP
_bspa
_cBNPHU
049 _aBNPD
082 _aF-RD 85
100 1 _aGarrido, Max R.
_938363
245 1 3 _aLa guardia universitaria "Presidente Trujillo" :
_bcomo factor de cooperación en la disciplina, la cultura, y el auge de la universidad. Su aportación a la política renovadora de la patria.
260 _aCiudad Trujillo, República Dominicana :
_bCosmopolita,
_c1941.
300 _a24 p. ;
_c23 cm.
490 1 _aPublicaciones del Partido Trujillista
_v2
504 _aIncluye bibliografía y notas al pie de páginas.
505 0 _aConferencia pronunciada en el Paraninfo de la Universidad de Santo Domingo, la noche del 23 de septiembre de 1941, por el licenciado Max Garrido, Secretario General de la misma, Mayor de Leyes de la guardia universitaria "Presidente Trujillo". Publicada en Anales de la Universidad de Santo Domingo, (5), fasc.3, jul-sept., 1941.
610 2 4 _aUniversidad autónoma de Santo Domingo
_xHistoria
_918294
650 4 _aEstudiantes universitarios
_xActividad política
_zRepública Dominicana
_938364
650 4 _aUniversidades
_zRepública Dominicana
_9729
830 0 _aPublicaciones del Partido Trujillista
_n2
_938365
910 _aValidado. Control de calidad EMS.
942 _2ddc
_cLF2
999 _c17117
_d17117